000 00412nam a2200145Ia 4500
008 230917s9999||||xx |||||||||||||| ||und||
040 _e202281
_aMAIN
041 _aEnglish
082 _a954.03 H27W
100 _aHasan, Mushirul, ed.
245 0 _aWriting India: Colonial ethnography in the nineteenth century
260 _aNew Delhi
_bOxford University Press
_c2012
300 _axviii, 446 p.
942 _cBK
999 _c170775
_d170775